Car quiz - Statistics

General Stats
  • This quiz has been taken 11 times
  • The average score is 37 of 45
Answer Stats
Question Tile Select % Correct
Lamborghini Yes
100%
Lamborghini No
100%
Lamborghini No
100%
Lamborghini No
100%
Lamborghini No
100%
Lamborghini No
100%
Lamborghini No
100%
Koenigsegg No
100%
Koenigsegg No
100%
Koenigsegg No
100%
Koenigsegg No
100%
Koenigsegg No
100%
Koenigsegg No
100%
Zenvo No
100%
Zenvo No
100%
Zenvo No
100%
Lamborghini Yes
86%
Lamborghini Yes
86%
Koenigsegg Yes
86%
Koenigsegg Yes
86%
Koenigsegg No
86%
Zenvo No
86%
Zenvo No
86%
Zenvo No
86%
Pagani No
86%
Pagani No
86%
Pagani No
86%
Pagani No
86%
Pagani No
86%
Pagani Yes
86%
Zenvo Yes
71%
Zenvo No
71%
Zenvo Yes
71%
Pagani Yes
71%
Pagani No
71%
Ssc No
71%
Ssc No
71%
Ssc No
71%
Ssc No
71%
Ssc No
71%
Ssc No
71%
Pagani No
57%
Ssc Yes
43%
Ssc Yes
29%
Ssc No
29%
No matching quizzes found
Score Distribution
Percent of People with Each Score
Percentile by Number Answered
Your Score History
You have not taken this quiz